Issues in twentieth-century world history / (Record no. 35636)

MARC details
000 -LEADER
fixed length control field 03129nam a22003857a 4500
005 - DATE AND TIME OF LATEST TRANSACTION
control field 20100504112826.0
008 - FIXED-LENGTH DATA ELEMENTS--GENERAL INFORMATION
fixed length control field 100504t xxu||||| |||| 00| 0 eng d
010 ## - LCCN (DPL NO)
LC control number B-422020-031
020 ## - INTERNATIONAL STANDARD BOOK NUMBER
International Standard Book Number 023063995x
Terms of availability 290.00
020 ## - INTERNATIONAL STANDARD BOOK NUMBER
International Standard Book Number 9780230639959
Terms of availability 290.00
035 ## - SYSTEM CONTROL NUMBER
System control number B-422020-031
037 ## - SOURCE OF ACQUISITION
Source of stock number/acquisition PUB/Macmillan
040 ## - CATALOGING SOURCE
Original cataloging agency DPL
082 ## - DEWEY DECIMAL CLASSIFICATION NUMBER
Classification number 909.82
100 ## - MAIN ENTRY--PERSONAL NAME
Personal name Mahajan, Sneh
9 (RLIN) 24086
245 ## - TITLE STATEMENT
Title Issues in twentieth-century world history /
Statement of responsibility, etc by Sneh Mahajan
260 ## - PUBLICATION, DISTRIBUTION, ETC. (IMPRINT)
Place of publication, distribution, etc New Delhi
Name of publisher, distributor, etc Macmillan India Ltd.
Date of publication, distribution, etc 2010
270 ## - ADDRESS
Address 2/10, Ansari Road, Daryaganj,
City New Delhi
Postal code 110092
300 ## - PHYSICAL DESCRIPTION
Extent xviii, 365p.:
Dimensions 26 cm. (Pbk)
Accompanying material illu.
500 ## - GENERAL NOTE
General note includes index
942 ## - ADDED ENTRY ELEMENTS (KOHA)
Source of classification or shelving scheme Dewey Decimal Classification
Item type English Books
Call number suffix MAH
Classification part 909.82
Holdings
Withdrawn status Lost status Source of classification or shelving scheme Damaged status Not for loan Collection code Home library Current library Date acquired Source of acquisition Cost, normal purchase price Total Checkouts Total Renewals Full call number Barcode Date last seen Copy number Cost, replacement price Koha item type
    Dewey Decimal Classification     Non-fiction Central Library Central Library 15/03/2011 UBH/092/20.08.10/44/01.07.2010/03.01.2011 290.00 23 19 909.82 MAH B-422020 06/06/2023 1 290.00 English Books
    Dewey Decimal Classification     Non-fiction Janak Puri Janak Puri 22/03/2011 UBH/092/20.08.10/44/01.07.2010/03.01.2011 290.00 9 2 909.82 MAH B-422026 16/08/2019 2 290.00 English Books
    Dewey Decimal Classification     Non-fiction Janak Puri Janak Puri 22/03/2011 UBH/092/20.08.10/44/01.07.2010/03.01.2011 290.00 9   909.82 MAH B-422027 24/05/2019 2 290.00 English Books
  Written-off vide DLB M. No. 383 dt 16.05.19 Dewey Decimal Classification     Non-fiction Karol Bagh Karol Bagh 22/03/2011 UBH/092/20.08.10/44/01.07.2010/03.01.2011 290.00     909.82 MAH B-422030 22/03/2011 1 290.00 English Books
    Dewey Decimal Classification     Non-fiction Mobile Library Mobile Library 15/03/2011 UBH/092/20.08.10/44/01.07.2010/03.01.2011 290.00     909.82 MAH B-422021 15/03/2011 4 290.00 English Books
    Dewey Decimal Classification     Non-fiction Mobile Library Mobile Library 15/03/2011 UBH/092/20.08.10/44/01.07.2010/03.01.2011 290.00     909.82 MAH B-422022 15/03/2011 4 290.00 English Books
    Dewey Decimal Classification     Non-fiction Mobile Library Mobile Library 15/03/2011 UBH/092/20.08.10/44/01.07.2010/03.01.2011 290.00     909.82 MAH B-422023 15/03/2011 4 290.00 English Books
    Dewey Decimal Classification     Non-fiction Mobile Library Mobile Library 15/03/2011 UBH/092/20.08.10/44/01.07.2010/03.01.2011 290.00     909.82 MAH B-422024 15/03/2011 4 290.00 English Books
    Dewey Decimal Classification     Non-fiction Patel Nagar Patel Nagar 22/03/2011 UBH/092/20.08.10/44/01.07.2010/03.01.2011 290.00 7 4 909.82 MAH B-422025 04/01/2024 1 290.00 English Books
    Dewey Decimal Classification     Non-fiction Sarojini Nagar Sarojini Nagar 22/03/2011 UBH/092/20.08.10/44/01.07.2010/03.01.2011 290.00 7 6 909.82 MAH B-422028 07/12/2022 1 290.00 English Books
    Dewey Decimal Classification     Non-fiction Shahdara Branch Shahdara Branch 22/03/2011 UBH/092/20.08.10/44/01.07.2010/03.01.2011 290.00     909.82 MAH B-422031 22/03/2011 1 290.00 English Books
  Written-off vide DLB M. No. 383 dt 16.05.19 Dewey Decimal Classification     Non-fiction Vinoba Puri Vinoba Puri 22/03/2011 UBH/092/20.08.10/44/01.07.2010/03.01.2011 290.00 12 16 909.82 MAH B-422029 02/07/2015 1 290.00 English Books

© Delhi Public Library
Hit Counter
free hit counter